000 00595nam a2200193Ia 4500
999 _c3321
_d3321
003 OSt
005 20200415152416.0
008 191128t2017 ck er 000 m spa d
020 _a9789588997353
040 _aCO-JMCR
_cCO-JMCR
041 0 _aspa
082 0 4 _aT /
_bGARb
100 1 _aGarcía Lorca, Federico,
_d1898-1936
_eautor
_93068
245 1 0 _aBodas de sangre /
_cFederico García Lorca
250 _aPrimera edición
260 _aBogotá :
_bAlcaldía Mayor de Bogotá ; Instituto Distrital de las Artes (IDARTES),
_c©2017
300 _a156 páginas ;
_c17 cm.
942 _2ddc
_cBK